[Event "Slow standard chess tournament"]
[Site "SchemingMind.com"]
[Date "2009.12.30"]
[Round "-"]
[White "tiggeronvrb"]
[Black "lontjr"]
[Result "1-0"]
[WhiteCountry "SCO"]
[BlackCountry "USA"]
[WhiteElo "1811"]
[WhiteRD "71"]
[BlackElo "1508"]
[BlackRD "85"]
[GameID "233005"]

1. e4 c5 2. d4 cxd4 3. c3 g6 4. Nf3 Bg7 5. Bc4 dxc3 6. Nxc3 Bxc3+ 7. bxc3 Nc6 8. O-O Nf6 9. Qe2 Qc7 10. e5 Ng4
11. Bf4 O-O 12. h3 Ngxe5 13. Nxe5 Nxe5 14. Bxe5 d6 15. Bg3 e5 16. Rfd1 Bf5 17. Rac1 Rac8 18. Bb3 Rfe8 19. Qe3 h5 20. Qxa7 Qe7
21. Qb6 Rc6 22. Qb4 Rd8 23. Bd5 Ra6 24. Qxb7 Qxb7 25. Bxb7 Rxa2 26. Bxe5 Rb8 27. Bd5 dxe5 28. Ra1 Rc2 29. c4 Rbb2 30. Ra7 Be6
31. Bxe6 Rxf2 32. Bd5 Rfe2 33. Bxf7+ Kf8 34. Rd8+
1-0

[Event "Slow standard chess tournament"]
[Site "SchemingMind.com"]
[Date "2010.01.04"]
[Round "-"]
[White "sentinel"]
[Black "lontjr"]
[Result "1-0"]
[WhiteCountry "AUS"]
[BlackCountry "USA"]
[WhiteElo "1407"]
[WhiteRD "93"]
[BlackElo "1508"]
[BlackRD "85"]
[GameID "233006"]

1. c3 Nf6 2. e3 e5 3. Bc4 d5 4. Bb5+ Bd7 5. Bxd7+ Qxd7 6. Nf3 Nc6 7. O-O O-O-O 8. b4 Be7 9. Ng5 Rhf8 10. d4 Ne4
11. Nxe4 dxe4 12. Na3 f5 13. Qe2 exd4 14. cxd4 Nxb4 15. Nb5
1-0

[Event "Slow standard chess tournament"]
[Site "SchemingMind.com"]
[Date "2010.01.04"]
[Round "-"]
[White "Manuel Angel"]
[Black "lontjr"]
[Result "1-0"]
[WhiteCountry "ESP"]
[BlackCountry "USA"]
[WhiteElo "2141"]
[WhiteRD "81"]
[BlackElo "1589"]
[BlackRD "89"]
[GameID "233007"]

1. e4 c5 2. Nf3 g6 3. d4 cxd4 4. Nxd4 Nc6 5. Nc3 Bg7 6. Be3 Nf6 7. Nxc6 bxc6 8. e5 Ng8 9. f4 Nh6 10. Qd2 d5
11. O-O-O O-O 12. h3 Bf5 13. g4 Be6 14. Na4 f6 15. Nc5 Bf7 16. e6
1-0

[Event "Slow standard chess tournament"]
[Site "SchemingMind.com"]
[Date "2009.12.30"]
[Round "-"]
[White "Eden"]
[Black "lontjr"]
[Result "0-1"]
[WhiteCountry "CZE"]
[BlackCountry "USA"]
[WhiteElo "1453"]
[WhiteRD "73"]
[BlackElo "1589"]
[BlackRD "89"]
[GameID "233008"]

1. e4 c5 2. b3 d6 3. h3 Nf6 4. Nc3 e5 5. Bc4 Nc6 6. d3 Be7 7. Bg5 O-O 8. g4 Nd4 9. Nf3 b5 10. Bxb5 Nxb5
11. Nxb5 Qa5+ 12. Qd2 Qxb5 13. c4 Qc6 14. Nh4 Nxe4 15. Qe2 Nxg5 16. Kd2 Bb7 17. Nf5 Qd7 18. Rh2 Nf3+ 19. Kc2 Nxh2 20. Qe3 Nf3
21. Kc3 Nd4 22. b4 Qa4 23. Nxe7+ Kh8 24. bxc5 Qc2+ 25. Kb4 a5+ 26. Ka3 Qc3+ 27. Ka4 Qb4#
0-1

[Event "Slow standard chess tournament"]
[Site "SchemingMind.com"]
[Date "2009.12.30"]
[Round "-"]
[White "Scooter"]
[Black "lontjr"]
[Result "1-0"]
[WhiteCountry "USA"]
[BlackCountry "USA"]
[WhiteElo "1741"]
[WhiteRD "55"]
[BlackElo "1589"]
[BlackRD "89"]
[GameID "233009"]

1. d4 Nf6 2. Bf4 g6 3. Nf3 Bg7 4. e3 d6 5. Nbd2 Nh5 6. Bg5 h6 7. Bh4 g5 8. Bg3 Nc6 9. Bb5 a6 10. Bxc6+ bxc6
11. O-O Bg4 12. h3 Bxf3 13. Qxf3 Nxg3 14. Qxc6+ Kf8 15. fxg3 Rb8 16. b3 Rb6 17. Qc4 d5 18. Qd3 Qd6 19. c4 Qxg3 20. Rf3 Qh4
21. Qf5 f6 22. Qxd5 Rd6 23. Qb7 c5 24. Qc8+ Kf7 25. Qxc5 Rhd8 26. Qf5 Rxd4 27. g3
1-0

[Event "Slow standard chess tournament"]
[Site "SchemingMind.com"]
[Date "2009.12.31"]
[Round "-"]
[White "NAZRIZ1977"]
[Black "lontjr"]
[Result "1-0"]
[WhiteCountry "WLS"]
[BlackCountry "USA"]
[WhiteElo "1840"]
[WhiteRD "62"]
[BlackElo "1508"]
[BlackRD "85"]
[GameID "233010"]

1. c4 c5 2. Nf3 g6 3. g3 Bg7 4. Bg2 Nc6 5. O-O d6 6. Nc3 Bg4 7. d3 Nf6 8. Bg5 O-O 9. Rb1 h6 10. Bxf6 Bxf6
11. a3 Nd4 12. e3 Nf5 13. h3 Bxf3 14. Bxf3 Qd7 15. Ne4 Be5 16. b4 b6 17. bxc5 dxc5 18. Qc2 g5 19. Rfd1 Nd6 20. Nxd6 exd6
21. Bxa8 Rxa8 22. Kg2 h5 23. d4 Bf6 24. dxc5 bxc5 25. Rd5 Be5 26. Rbd1 Rb8 27. Rxe5 Re8 28. Rxe8+ Qxe8 29. Rxd6
1-0